| 000 | 00722pab a2200169 454500 | ||
|---|---|---|---|
| 008 | 180718b2014 xxu||||| |||| 00| 0 eng d | ||
| 100 | _aDesai, D.K. | ||
| 245 | _aComments on understanding of livestock | ||
| 260 | _c2014 | ||
| 300 | _ap.68-69. | ||
| 362 | _a22 Mar | ||
| 520 | _aAny analysis of India's livestock sector must take into account the region-specific growth of the sector, micro-level economic viability of production, and the role of women's unpaid labour, among other factors. All these are crucial to understand whether India's livestock sector will grow sustainably in the future. - Reproduced. | ||
| 650 | _aLivestock | ||
| 773 | _aEconomic and Political Weekly | ||
| 908 | _aN | ||
| 909 | _a103483 | ||
| 999 |
_c103479 _d103479 |
||